Logic (Record no. 15828)
[ view plain ]
| 000 -LEADER | |
|---|---|
| fixed length control field | 00495nam a2200229Ia 4500 |
| 003 - CONTROL NUMBER IDENTIFIER | |
| control field | 0100 |
| 008 - FIXED-LENGTH DATA ELEMENTS--GENERAL INFORMATION | |
| fixed length control field | 130303s9999 xx 000 0 und d |
| 020 ## - INTERNATIONAL STANDARD BOOK NUMBER | |
| International Standard Book Number | 0192893203 |
| 040 ## - CATALOGING SOURCE | |
| Transcribing agency | ARRUPELIB |
| 050 ## - LIBRARY OF CONGRESS CALL NUMBER | |
| Classification number | BC71.P75 2000 |
| 300 ## - PHYSICAL DESCRIPTION | |
| Other physical details | 18cm. |
| 100 ## - MAIN ENTRY--PERSONAL NAME | |
| Personal name | Priest, Graham |
| 245 ## - TITLE STATEMENT | |
| Title | Logic |
| 245 ## - TITLE STATEMENT | |
| Remainder of title | a very short introduction |
| 260 ## - PUBLICATION, DISTRIBUTION, ETC. (IMPRINT) | |
| Place of publication, distribution, etc | Oxford |
| 260 ## - PUBLICATION, DISTRIBUTION, ETC. (IMPRINT) | |
| Name of publisher, distributor, etc | Oxford University Press |
| 260 ## - PUBLICATION, DISTRIBUTION, ETC. (IMPRINT) | |
| -- | 2000 |
| 300 ## - PHYSICAL DESCRIPTION | |
| Extent | 128p. |
| 650 ## - SUBJECT ADDED ENTRY--TOPICAL TERM | |
| Topical term or geographic name as entry element | LOGIC |
| 650 ## - SUBJECT ADDED ENTRY--TOPICAL TERM | |
| Topical term following geographic name as entry element | ury |
| 942 00 - ADDED ENTRY ELEMENTS (KOHA) | |
| Koha issues (borrowed), all copies | 4 |
| Withdrawn status | Lost status | Source of classification or shelving scheme | Damaged status | Not for loan | Collection code | Home library | Current library | Shelving location | Date acquired | Total Checkouts | Full call number | Barcode | Date last seen | Copy number | Price effective from | Koha item type | Date checked out |
|---|---|---|---|---|---|---|---|---|---|---|---|---|---|---|---|---|---|
| Library of Congress Classification | Main Collection | ARRUPE LIBRARY | ARRUPE LIBRARY | Main Collection | 04/03/2013 | BC71.P75 2000 | 46003011904 | 31/08/2016 | 1 | 04/03/2013 | Monograph ( Printed materials) | ||||||
| Library of Congress Classification | Main Collection | ARRUPE LIBRARY | ARRUPE LIBRARY | Main Collection | 04/03/2013 | 5 | BC71.P75 2000 | 46004002425 | 09/05/2023 | 2 | 04/03/2013 | Monograph ( Printed materials) | 14/03/2023 | ||||
| Library of Congress Classification | Main Collection | ARRUPE LIBRARY | ARRUPE LIBRARY | Main Collection | 04/03/2013 | 5 | BC71.P75 2000 | 46004003322 | 24/01/2017 | 3 | 04/03/2013 | Monograph ( Printed materials) | 11/01/2017 | ||||
| Library of Congress Classification | Main Collection | ARRUPE LIBRARY | ARRUPE LIBRARY | Main Collection | 04/03/2013 | BC71.P75 2000 | 46500006988 | 31/08/2016 | 4 | 04/03/2013 | Monograph ( Printed materials) | ||||||
| Library of Congress Classification | Main Collection | ARRUPE LIBRARY | ARRUPE LIBRARY | Main Collection | 07/10/2021 | BC71.P75 2000 | 46600007794 | 07/10/2021 | 07/10/2021 | Monograph ( Printed materials) |